[Event "Zagreb Damjanovic Memorial 3rd"]
[Site "Zagreb"]
[Date "2019.11.12"]
[Round "4"]
[White "Cebalo, Miso"]
[Black "Karlusic, Luka"]
[Result "1/2-1/2"]
[WhiteElo "2184"]
[BlackElo "1914"]
[PlyCount "120"]
[EventDate "2019.11.09"]
[EventType "swiss"]
[EventRounds "9"]
[EventCountry "CRO"]
[SourceTitle "CBM 193 Extra"]
[Source "ChessBase"]
[SourceDate "2020.01.31"]
[SourceVersion "1"]
[SourceVersionDate "2020.01.31"]
[SourceQuality "1"]

1. d4 d5 2. c4 dxc4 3. e3 Nf6 4. Bxc4 e6 5. Nf3 a6 6. 0-0 c5 7. dxc5 Bxc5 8. Qxd8+ Kxd8 9. Rd1+ Ke7 10. Be2 b5 11. a3 Bb7 12. b4 Ba7 13. Bb2 Nbd7 14. Nbd2 Nb6 15. Nb3 Na4 16. Be5 Bd5 17. Na5 Nd7 18. Bxg7 Rhg8 19. Bd4 Bxd4 20. Rxd4 Nc3 21. Kf1 Nxe2 22. Kxe2 Nf6 23. g3 Rac8 24. Ne5 Ne4 25. Nac6+ Rxc6 26. Nxc6+ Bxc6 27. Rc1 Bd5 28. Rc7+ Kd6 29. Rxf7 e5 30. Rd3 Ke6 31. Rxh7 Bc4 32. Rh6+ Kf5 33. f3 Kg5 34. Rc6 Bxd3+ 35. Kxd3 Nf6 36. h4+ Kg6 37. g4 Kf7 38. g5 e4+ 39. fxe4 Rd8+ 40. Ke2 Nxe4 41. Kf3 Nd6 42. Rxa6 Nc4 43. a4 bxa4 44. Rxa4 Kg6 45. Ra6+ Nd6 46. Kg4 Kg7 47. h5 Nf7 48. Ra7 Kg8 49. g6 Ne5+ 50. Kg5 Nc6 51. Rb7 Ne5 52. b5 Nc4 53. Rc7 Nxe3 54. b6 Nd5 55. Rc6 Ne7 56. Rc5 Rb8 57. Kf6 Nxg6 58. hxg6 Rxb6+ 59. Kg5 Rb8 60. Re5 Kg7 1/2-1/2

[Event "Zadar op-A 25th"]
[Site "Zadar"]
[Date "2018.12.22"]
[Round "9"]
[White "Nielsen, Hogni Egilstoft"]
[Black "Cebalo, Miso"]
[Result "1-0"]
[WhiteElo "2400"]
[BlackElo "2262"]
[PlyCount "111"]
[EventDate "2018.12.15"]
[EventType "swiss"]
[EventRounds "9"]
[EventCountry "CRO"]
[SourceTitle "CBM 187 Extra"]
[Source "ChessBase"]
[SourceDate "2018.11.04"]
[SourceVersion "1"]
[SourceVersionDate "2018.11.04"]
[SourceQuality "1"]

1. e4 c5 2. Nf3 d6 3. d4 cxd4 4. Nxd4 Nf6 5. Nc3 g6 6. Be3 a6 7. f3 Bg7 8. Qd2 h5 9. Bc4 b5 10. Bb3 Bb7 11. 0-0-0 Nbd7 12. a3 Rc8 13. Kb1 Qc7 14. h3 h4 15. Rhe1 Nb6 16. e5 Nfd5 17. Nxd5 Nxd5 18. exd6 Qxd6 19. Nxb5 axb5 20. Bxd5 Ba6 21. Qa5 Qc7 22. Qxc7 Rxc7 23. Bb6 Rc8 24. Bc6+ Kf8 25. Rd7 Bf6 26. Be4 Rb8 27. Ba5 b4 28. Bxb4 Rh5 29. f4 Kg7 30. Bd3 Bxd3 31. Rxd3 Rf5 32. Re4 g5 33. fxg5 Rxg5 34. Rxh4 Rxg2 35. Rg4+ Rxg4 36. hxg4 Kg6 37. Bc3 Bxc3 38. Rxc3 Kg5 39. Rc4 e5 40. Kc1 Kh4 41. a4 Kg3 42. a5 Kf3 43. a6 Ra8 44. Rc7 Rxa6 45. Rxf7+ Ke2 46. b4 e4 47. g5 e3 48. Rf6 Ra1+ 49. Kb2 Rg1 50. g6 Ke1 51. b5 e2 52. b6 Rf1 53. Re6 Rf8 54. g7 Rg8 55. b7 Kf2 56. c4 1-0

[Event "Zadar op-A 25th"]
[Site "Zadar"]
[Date "2018.12.19"]
[Round "6"]
[White "Cebalo, Miso"]
[Black "Blagojevic, Tijana"]
[Result "1/2-1/2"]
[WhiteElo "2262"]
[BlackElo "2208"]
[PlyCount "73"]
[EventDate "2018.12.15"]
[EventType "swiss"]
[EventRounds "9"]
[EventCountry "CRO"]
[SourceTitle "CBM 187 Extra"]
[Source "ChessBase"]
[SourceDate "2018.11.04"]
[SourceVersion "1"]
[SourceVersionDate "2018.11.04"]
[SourceQuality "1"]

1. Nf3 d5 2. c4 c6 3. e3 Nf6 4. Nc3 e6 5. Qc2 Bd6 6. b3 0-0 7. Bb2 e5 8. cxd5 cxd5 9. Nb5 Nc6 10. Nxd6 Qxd6 11. Bb5 Nb4 12. Qc1 Bd7 13. Bxe5 Qb6 14. Be2 Rac8 15. Bc3 Bb5 16. Qb2 a5 17. Bxb4 axb4 18. Nd4 Bxe2 19. Kxe2 Qa6+ 20. Ke1 Rc5 21. f3 Nd7 22. Nf5 f6 23. f4 Qd3 24. Nd4 Qe4 25. Kf2 Ne5 26. fxe5 fxe5+ 27. Kg1 exd4 28. Qxd4 Rc2 29. h3 Qxd4 30. exd4 Rxd2 31. Kh2 Rff2 32. Rhg1 Rxd4 33. Rac1 h6 34. Rgd1 Re4 35. Rxd5 Ree2 36. Rg1 Rxa2 37. Rd4 1/2-1/2

[Event "Zadar op-A 25th"]
[Site "Zadar"]
[Date "2018.12.16"]
[Round "3"]
[White "Jeet, Jain"]
[Black "Cebalo, Miso"]
[Result "1/2-1/2"]
[WhiteElo "2212"]
[BlackElo "2262"]
[PlyCount "72"]
[EventDate "2018.12.15"]
[EventType "swiss"]
[EventRounds "9"]
[EventCountry "CRO"]
[SourceTitle "EXT 2021"]
[Source "ChessBase"]
[SourceDate "2020.10.23"]
[SourceVersion "1"]
[SourceVersionDate "2020.10.23"]
[SourceQuality "1"]

1. e4 c5 2. Nf3 d6 3. Bb5+ Bd7 4. Bxd7+ Qxd7 5. 0-0 Nc6 6. c3 Nf6 7. Qe2 e6 8. h3 Be7 9. d3 0-0 10. Nh2 d5 11. e5 Ne8 12. f4 f6 13. Nd2 fxe5 14. fxe5 Rxf1+ 15. Ndxf1 Nc7 16. Nf3 Rf8 17. Ng3 Qe8 18. d4 Qg6 19. Kh2 cxd4 20. cxd4 Nb4 21. Be3 a6 22. a3 Nc6 23. Rc1 Nb5 24. Qc2 Qxc2 25. Rxc2 h6 26. Ne2 Bd8 27. Nc3 Nxc3 28. Rxc3 Rf7 29. b4 Bb6 30. Kg1 Rc7 31. Kf1 Kf7 32. Ke2 Ke7 33. Kd3 Kd7 34. g4 Rc8 35. Rc1 Rf8 36. Nd2 Rf7 1/2-1/2

[Event "Wch Seniors 65 28th"]
[Site "Bled"]
[Date "2018.11.29"]
[Round "11"]
[White "Kratschmer, Heinz"]
[Black "Cebalo, Miso"]
[Result "0-1"]
[WhiteElo "2035"]
[BlackElo "2262"]
[PlyCount "82"]
[EventDate "2018.11.18"]
[EventType "swiss"]
[EventRounds "11"]
[EventCountry "SLO"]
[SourceTitle "EXT 2020"]
[Source "ChessBase"]
[SourceDate "2019.10.17"]
[SourceVersion "1"]
[SourceVersionDate "2019.10.17"]
[SourceQuality "1"]

1. d4 Nf6 2. Nf3 e6 3. c4 b6 4. Nc3 Bb4 5. Bg5 Bb7 6. e3 h6 7. Bh4 Bxc3+ 8. bxc3 d6 9. Bd3 Nbd7 10. 0-0 0-0 11. Re1 Re8 12. Nd2 Qe7 13. f3 Qf8 14. Qc2 g5 15. Bf2 Qg7 16. Ne4 Kh8 17. Ng3 h5 18. Ne4 Rg8 19. Rf1 Nh7 20. Qa4 f5 21. Nd2 a5 22. Rae1 Ndf6 23. Qc2 Raf8 24. e4 f4 25. e5 dxe5 26. dxe5 Nd7 27. c5 g4 28. Bh4 Ng5 29. Bxg5 Qxg5 30. Be4 Ba6 31. c4 Nxc5 32. Bc6 Qd8 33. Kh1 Qd4 34. Re2 Rf5 35. Rfe1 Nd3 36. Nb3 Qxc4 37. Qxc4 Bxc4 38. Rd1 gxf3 39. Red2 f2 40. Rf1 Nxe5 41. Rfxf2 Nxc6 0-1

[Event "Wch Seniors 65 28th"]
[Site "Bled"]
[Date "2018.11.23"]
[Round "6"]
[White "Cebalo, Miso"]
[Black "Yakimenko, Alexander A"]
[Result "1/2-1/2"]
[WhiteElo "2262"]
[BlackElo "2125"]
[PlyCount "62"]
[EventDate "2018.11.18"]
[EventType "swiss"]
[EventRounds "11"]
[EventCountry "SLO"]
[SourceTitle "CBM 187 Extra"]
[Source "ChessBase"]
[SourceDate "2018.11.04"]
[SourceVersion "1"]
[SourceVersionDate "2018.11.04"]
[SourceQuality "1"]

1. Nf3 e6 2. g3 f5 3. d4 Nf6 4. Bg2 Be7 5. 0-0 0-0 6. c4 d5 7. Nc3 c6 8. Qc2 Qe8 9. Bf4 Nh5 10. Be5 b6 11. cxd5 exd5 12. e3 Nd7 13. Ne2 Bb7 14. Rac1 Nxe5 15. Nxe5 Rc8 16. Qb3 Kh8 17. Rfe1 Bd6 18. f4 Nf6 19. Bf3 Rc7 20. Nc3 Ne4 21. Nxe4 fxe4 22. Be2 c5 23. a3 c4 24. Qc3 Qe7 25. Rf1 Bc8 26. Kg2 a6 27. h4 b5 28. Qa5 Bb7 29. Rc2 b4 30. axb4 Bxb4 31. Qa4 Qd6 1/2-1/2

[Event "Wch Seniors 65 28th"]
[Site "Bled"]
[Date "2018.11.19"]
[Round "2"]
[White "Cebalo, Miso"]
[Black "Tavcar, Rado"]
[Result "1-0"]
[WhiteElo "2262"]
[BlackElo "1847"]
[PlyCount "90"]
[EventDate "2018.11.18"]
[EventType "swiss"]
[EventRounds "11"]
[EventCountry "SLO"]
[SourceTitle "CBM 187 Extra"]
[Source "ChessBase"]
[SourceDate "2018.11.04"]
[SourceVersion "1"]
[SourceVersionDate "2018.11.04"]
[SourceQuality "1"]

1. d4 d5 2. Nf3 e6 3. c4 c6 4. Nc3 f5 5. Bf4 Bd6 6. Bxd6 Qxd6 7. e3 Nd7 8. Qc2 Ngf6 9. cxd5 Nxd5 10. a3 0-0 11. Be2 N7f6 12. 0-0 Nxc3 13. bxc3 b6 14. Ne5 Bb7 15. Bf3 Nd7 16. Nxd7 Qxd7 17. c4 Rae8 18. Rfd1 Qc7 19. c5 b5 20. a4 a6 21. axb5 axb5 22. Qb3 Kh8 23. Ra7 Qc8 24. Qa3 Rd8 25. Qa5 Rd7 26. Qb6 Rfd8 27. Rb1 Ba8 28. Rba1 Bb7 29. g3 g6 30. h4 Kg7 31. Kg2 h6 32. Rb1 Ba8 33. Rxa8 Qxa8 34. Bxc6 Qa2 35. Rxb5 f4 36. gxf4 Qe2 37. Bf3 Qc4 38. Rb4 Qc3 39. Ra4 g5 40. Qxe6 gxf4 41. Qg4+ Kh7 42. Qxf4 Rg7+ 43. Kh3 Qb3 44. Ra6 Qd3 45. Rxh6+ Kg8 1-0

[Event "SUI-ch HT1 118th"]
[Site "Lenzerheide"]
[Date "2018.07.18"]
[Round "7"]
[White "Henrichs, Thomas"]
[Black "Cebalo, Miso"]
[Result "1-0"]
[WhiteElo "2479"]
[BlackElo "2271"]
[PlyCount "101"]
[EventDate "2018.07.12"]
[EventType "swiss"]
[EventRounds "9"]
[EventCountry "SUI"]
[SourceTitle "EXT 2019"]
[Source "ChessBase"]
[SourceDate "2018.10.10"]
[SourceVersion "1"]
[SourceVersionDate "2018.10.10"]
[SourceQuality "1"]

1. e4 c5 2. Nf3 d6 3. d4 cxd4 4. Nxd4 Nf6 5. Nc3 a6 6. Be3 e5 7. Nb3 Be6 8. f3 Nbd7 9. Qd2 Be7 10. 0-0-0 0-0 11. g4 Rc8 12. g5 Nh5 13. Rg1 b5 14. Nd5 Bxd5 15. exd5 Nb6 16. Na5 Nxd5 17. Qxd5 Qxa5 18. Bd3 g6 19. Rg4 Nf4 20. Bxf4 exf4 21. Kb1 Rc5 22. Qe4 Bxg5 23. Qd4 Re5 24. Qxd6 Re6 25. Qd5 Re1 26. Rg1 Rxd1+ 27. Rxd1 Bf6 28. Qd6 Kg7 29. Qxf4 Re8 30. Qc1 Qc7 31. Qd2 Qe5 32. c3 Bg5 33. Qc2 f5 34. a4 Kh6 35. axb5 axb5 36. h4 Bf6 37. h5 b4 38. hxg6 hxg6 39. cxb4 Rd8 40. Be2 Rxd1+ 41. Bxd1 Qe1 42. b5 Qb4 43. Be2 Bd4 44. Qc1+ Kh5 45. Bd3 Qb3 46. Qc2 Qb4 47. Bc4 Be5 48. Qe2 Bd4 49. Qh2+ Kg5 50. f4+ Kf6 51. Qh8+ 1-0

[Event "Bad Woerishofen op 34th"]
[Site "Bad Woerishofen"]
[Date "2018.02.25"]
[Round "4"]
[White "Cebalo, Miso"]
[Black "Vorobiov, Evgeny E"]
[Result "1/2-1/2"]
[WhiteElo "2287"]
[BlackElo "2548"]
[PlyCount "22"]
[EventDate "2018.02.23"]
[EventType "swiss"]
[EventRounds "9"]
[EventCountry "GER"]
[SourceTitle "CBM 183 Extra"]
[Source "ChessBase"]
[SourceDate "2018.04.19"]
[SourceVersion "1"]
[SourceVersionDate "2018.04.19"]
[SourceQuality "1"]

1. d4 Nf6 2. c4 g6 3. Nc3 d5 4. cxd5 Nxd5 5. e4 Nxc3 6. bxc3 Bg7 7. Nf3 c5 8. Bb5+ Nd7 9. 0-0 0-0 10. Re1 a6 11. Bf1 Nf6 1/2-1/2

[Event "Bad Woerishofen op 34th"]
[Site "Bad Woerishofen"]
[Date "2018.02.24"]
[Round "2"]
[White "Ballon, Guenther Jan"]
[Black "Cebalo, Miso"]
[Result "0-1"]
[WhiteElo "2071"]
[BlackElo "2287"]
[PlyCount "54"]
[EventDate "2018.02.23"]
[EventType "swiss"]
[EventRounds "9"]
[EventCountry "GER"]
[SourceTitle "CBM 183 Extra"]
[Source "ChessBase"]
[SourceDate "2018.04.19"]
[SourceVersion "1"]
[SourceVersionDate "2018.04.19"]
[SourceQuality "1"]

1. d4 Nf6 2. c4 e6 3. Nc3 Bb4 4. Bd2 c5 5. dxc5 Bxc5 6. Nf3 b6 7. e3 Bb7 8. Be2 0-0 9. 0-0 d5 10. cxd5 Nxd5 11. Nxd5 Bxd5 12. Bc3 Nd7 13. Qa4 Nf6 14. Rfd1 Qe7 15. Rac1 Ne4 16. Bd4 Rac8 17. Bxc5 Nxc5 18. Qa3 a5 19. h3 Qf6 20. b4 Ne4 21. Rxc8 Rxc8 22. Rc1 Rxc1+ 23. Qxc1 Qc3 24. Qb1 Qxb4 25. Qc2 Nc3 26. Bd3 g6 27. Ne5 Bxa2 0-1

[Event "Bad Woerishofen op 34th"]
[Site "Bad Woerishofen"]
[Date "2018.02.24"]
[Round "3"]
[White "Cebalo, Miso"]
[Black "Naumkin, Igor"]
[Result "1/2-1/2"]
[WhiteElo "2287"]
[BlackElo "2422"]
[PlyCount "91"]
[EventDate "2018.02.23"]
[EventType "swiss"]
[EventRounds "9"]
[EventCountry "GER"]
[SourceTitle "CBM 183 Extra"]
[Source "ChessBase"]
[SourceDate "2018.04.19"]
[SourceVersion "1"]
[SourceVersionDate "2018.04.19"]
[SourceQuality "1"]

1. Nf3 Nf6 2. c4 e6 3. d4 b6 4. a3 Bb7 5. Nc3 d5 6. Bg5 Be7 7. e3 0-0 8. Rc1 Nbd7 9. cxd5 exd5 10. Bd3 c5 11. 0-0 Ne4 12. Bf4 Nxc3 13. Rxc3 c4 14. Bb1 b5 15. Ne5 Nxe5 16. Bxe5 g6 17. Qf3 f6 18. Bg3 f5 19. Be5 Qd7 20. g3 a5 21. h4 Ra6 22. Qf4 b4 23. axb4 axb4 24. Rcc1 b3 25. Kg2 Re6 26. f3 Bd8 27. g4 Rxe5 28. dxe5 fxg4 29. Qxg4 Qxg4+ 30. fxg4 Re8 31. e4 Rxe5 32. g5 dxe4 33. Rxc4 e3+ 34. Kg3 e2 35. Re1 Ba5 36. Kf2 Ba6 37. Ra4 Kf7 38. Be4 Bxe1+ 39. Kxe1 Bb5 40. Rd4 Ke6 41. Bd3 Bxd3 42. Rxd3 Re4 43. Rxb3 Kf5 44. Rb7 Rxh4 45. Rb5+ Ke6 46. Kxe2 1/2-1/2

[Event "Zadar op-A 24th"]
[Site "Zadar"]
[Date "2017.12.13"]
[Round "6"]
[White "Cebalo, Miso"]
[Black "Rezan, Sasa"]
[Result "1/2-1/2"]
[WhiteElo "2293"]
[BlackElo "2433"]
[PlyCount "33"]
[EventDate "2017.12.09"]
[EventType "swiss"]
[EventRounds "9"]
[EventCountry "CRO"]
[SourceTitle "CBM 182 Extra"]
[Source "ChessBase"]
[SourceDate "2018.02.23"]
[SourceVersion "1"]
[SourceVersionDate "2018.02.23"]
[SourceQuality "1"]

1. Nf3 Nf6 2. g3 d5 3. Bg2 e6 4. 0-0 Be7 5. c4 0-0 6. cxd5 exd5 7. d4 c6 8. Nc3 Re8 9. Bf4 Bf5 10. Rc1 Nbd7 11. h3 Ne4 12. Nxd5 cxd5 13. Bc7 Qc8 14. Bf4 Qd8 15. Bc7 Qc8 16. Bf4 Qd8 17. Bc7 1/2-1/2

[Event "Zadar op-A 24th"]
[Site "Zadar"]
[Date "2017.12.11"]
[Round "4"]
[White "Cebalo, Miso"]
[Black "Gavrilescu, David"]
[Result "1/2-1/2"]
[WhiteElo "2293"]
[BlackElo "2437"]
[PlyCount "64"]
[EventDate "2017.12.09"]
[EventType "swiss"]
[EventRounds "9"]
[EventCountry "CRO"]
[SourceTitle "CBM 182 Extra"]
[Source "ChessBase"]
[SourceDate "2018.02.23"]
[SourceVersion "1"]
[SourceVersionDate "2018.02.23"]
[SourceQuality "1"]

1. d4 e6 2. Nf3 c5 3. c4 cxd4 4. Nxd4 Nf6 5. Nc3 Bb4 6. Bd2 Nc6 7. Nc2 Be7 8. g3 0-0 9. Bg2 b6 10. 0-0 Bb7 11. Bf4 Rc8 12. Rc1 a6 13. Qd2 Na5 14. b3 d6 15. Rfd1 Bxg2 16. Kxg2 Qd7 17. Qd3 Rfd8 18. f3 Qb7 19. e4 Nd7 20. Qe2 Ne5 21. Bxe5 dxe5 22. Rxd8+ Rxd8 23. Rd1 Rxd1 24. Qxd1 g6 25. Qd3 Qc7 26. Nd1 b5 27. cxb5 axb5 28. Nde3 Qc6 29. Kf2 Kg7 30. Kg2 Kg8 31. Kf2 Kg7 32. Kg2 Kg8 1/2-1/2

[Event "Palic Karadzic Memorial op"]
[Site "Palic"]
[Date "2017.11.01"]
[Round "7"]
[White "Antic, Dejan"]
[Black "Cebalo, Miso"]
[Result "1-0"]
[WhiteElo "2442"]
[BlackElo "2312"]
[PlyCount "81"]
[EventDate "2017.10.28"]
[EventType "swiss"]
[EventRounds "9"]
[EventCountry "SRB"]
[SourceTitle "CBM 181 Extra"]
[Source "ChessBase"]
[SourceDate "2017.12.12"]
[SourceVersion "1"]
[SourceVersionDate "2017.12.12"]
[SourceQuality "1"]

1. d4 Nf6 2. c4 c5 3. d5 e6 4. Nc3 exd5 5. cxd5 d6 6. e4 g6 7. f4 Bg7 8. Bb5+ Nfd7 9. Nf3 0-0 10. 0-0 a6 11. Bd3 b5 12. a3 Re8 13. Kh1 Nb6 14. f5 N8d7 15. Bg5 f6 16. Bf4 Ne5 17. Nxe5 fxe5 18. Be3 Ra7 19. b4 c4 20. Bc2 Rf7 21. g4 Ref8 22. Qd2 Bd7 23. Qf2 Nc8 24. a4 Bf6 25. axb5 axb5 26. Qd2 Bg7 27. Rg1 Qc7 28. Rg3 Qb7 29. h4 Kh8 30. h5 gxf5 31. exf5 e4 32. Bd4 Kg8 33. Bxg7 Rxg7 34. Nxe4 Be8 35. h6 Re7 36. g5 Re5 37. Rd1 Kh8 38. g6 Rfxf5 39. g7+ Kg8 40. Nf6+ Rxf6 41. Bxh7+ 1-0

[Event "Palic Karadzic Memorial op"]
[Site "Palic"]
[Date "2017.10.31"]
[Round "5"]
[White "Grishchenko, Sergey"]
[Black "Cebalo, Miso"]
[Result "1-0"]
[WhiteElo "2445"]
[BlackElo "2312"]
[PlyCount "91"]
[EventDate "2017.10.28"]
[EventType "swiss"]
[EventRounds "9"]
[EventCountry "SRB"]
[SourceTitle "CBM 181 Extra"]
[Source "ChessBase"]
[SourceDate "2017.12.12"]
[SourceVersion "1"]
[SourceVersionDate "2017.12.12"]
[SourceQuality "1"]

1. d4 Nf6 2. c4 e6 3. Nc3 c5 4. d5 exd5 5. cxd5 d6 6. Nf3 g6 7. Bf4 Bg7 8. h3 0-0 9. e3 Na6 10. Bc4 Nc7 11. a4 b6 12. 0-0 a6 13. e4 Nfe8 14. e5 dxe5 15. Nxe5 Nd6 16. Nc6 Qd7 17. Be2 Bb7 18. Qb3 b5 19. Bxd6 Qxd6 20. Ne4 Qf4 21. Ne7+ Kh8 22. Nxc5 Rae8 23. Nxb7 Rxe7 24. Bf3 Be5 25. g3 Qf6 26. Rfd1 Ne8 27. Na5 Qb6 28. Nc6 Bxg3 29. Qc2 Rd7 30. a5 Qc7 31. fxg3 Qxg3+ 32. Bg2 Nd6 33. Qc3+ Qxc3 34. bxc3 Re8 35. Re1 Rxe1+ 36. Rxe1 Kg7 37. Re7 Rxe7 38. Nxe7 Kf8 39. Nc6 Nb7 40. Kf2 Ke8 41. Bf1 Nc5 42. Ke3 Kd7 43. Kd4 Kd6 44. c4 bxc4 45. Bxc4 f5 46. Nd8 1-0

[Event "SUI-ch 117th"]
[Site "Graechen"]
[Date "2017.07.21"]
[Round "9"]
[White "Cebalo, Miso"]
[Black "De Seroux, Camille"]
[Result "1-0"]
[WhiteElo "2303"]
[BlackElo "2095"]
[PlyCount "95"]
[EventDate "2017.07.13"]
[EventType "swiss"]
[EventRounds "9"]
[EventCountry "SUI"]
[SourceTitle "EXT 2019"]
[Source "ChessBase"]
[SourceDate "2018.10.10"]
[SourceVersion "1"]
[SourceVersionDate "2018.10.10"]
[SourceQuality "1"]

1. d4 e6 2. c4 Nf6 3. Nf3 Bb4+ 4. Bd2 Qe7 5. Nc3 0-0 6. Qc2 c5 7. a3 Bxc3 8. Bxc3 b6 9. e3 Bb7 10. Bd3 d6 11. dxc5 bxc5 12. Bxf6 Qxf6 13. Bxh7+ Kh8 14. Bd3 Nd7 15. Be2 Rab8 16. Rb1 d5 17. cxd5 exd5 18. 0-0 Rfe8 19. b4 d4 20. bxc5 dxe3 21. Rb4 g6 22. Rc1 Bxf3 23. Bxf3 Ne5 24. Rxb8 Rxb8 25. fxe3 Nxf3+ 26. gxf3 Qxf3 27. Qf2 Qg4+ 28. Qg3 Qxg3+ 29. hxg3 Kg7 30. c6 Kf6 31. c7 Rc8 32. Kf2 Ke5 33. Kf3 Kd6 34. Kf4 Rxc7 35. Rxc7 Kxc7 36. Ke5 Kd7 37. Kf6 Ke8 38. g4 a5 39. a4 Kf8 40. g5 Ke8 41. e4 Kf8 42. e5 Kg8 43. e6 Kf8 44. Ke5 fxe6 45. Kxe6 Kg7 46. Ke7 Kg8 47. Kf6 Kh7 48. Kf7 1-0

[Event "SUI-ch 117th"]
[Site "Graechen"]
[Date "2017.07.17"]
[Round "5"]
[White "Cebalo, Miso"]
[Black "Loetscher, Roland"]
[Result "1/2-1/2"]
[WhiteElo "2303"]
[BlackElo "2433"]
[PlyCount "89"]
[EventDate "2017.07.13"]
[EventType "swiss"]
[EventRounds "9"]
[EventCountry "SUI"]
[SourceTitle "EXT 2018"]
[Source "ChessBase"]
[SourceDate "2017.10.13"]
[SourceVersion "1"]
[SourceVersionDate "2017.10.13"]
[SourceQuality "1"]

1. d4 d5 2. Nf3 Nf6 3. c4 c6 4. Nc3 dxc4 5. a4 e6 6. e3 c5 7. Bxc4 cxd4 8. exd4 Nc6 9. 0-0 Be7 10. Be3 0-0 11. Ne5 Nd5 12. Nxd5 exd5 13. Bb5 Nb4 14. Rc1 Be6 15. Qb3 Rc8 16. Rc3 f6 17. Nd3 Rxc3 18. bxc3 Nxd3 19. Bxd3 Qc7 20. Bd2 Bd6 21. g3 b6 22. Re1 Bf7 23. Qb5 Rd8 24. Kg2 Rd7 25. Be2 Rd8 26. Bd3 Rd7 27. Ra1 Re7 28. a5 bxa5 29. Rxa5 Qd7 30. Qxd7 Rxd7 31. Bb5 Rc7 32. Ra6 Bf8 33. Bc6 g5 34. Ba8 Kg7 35. Ra5 Rd7 36. Bc6 Rd6 37. Bb7 Rd7 38. Bc6 Rd6 39. Bb5 Rb6 40. Bd3 Rb7 41. Bf5 Be7 42. h4 h6 43. hxg5 hxg5 44. Bc8 Bd8 45. Bxb7 1/2-1/2

[Event "Zalakaros op 36th"]
[Site "Zalakaros"]
[Date "2017.05.18"]
[Round "1"]
[White "Mikhalevski, Victor"]
[Black "Cebalo, Miso"]
[Result "1/2-1/2"]
[WhiteElo "2520"]
[BlackElo "2320"]
[PlyCount "95"]
[EventDate "2017.05.18"]
[EventType "swiss"]
[EventRounds "9"]
[EventCountry "HUN"]
[SourceTitle "CBM 178 Extra"]
[Source "ChessBase"]
[SourceDate "2017.06.22"]
[SourceVersion "1"]
[SourceVersionDate "2017.06.22"]
[SourceQuality "1"]

1. Nf3 c5 2. g3 g6 3. Bg2 Bg7 4. d4 cxd4 5. Nxd4 Nc6 6. Nb3 d6 7. 0-0 Bd7 8. Nc3 Rc8 9. Nd5 h5 10. c3 Nf6 11. e4 Nxd5 12. exd5 Ne5 13. Nd4 h4 14. a4 hxg3 15. hxg3 Bf6 16. a5 a6 17. Re1 Kf8 18. Qe2 Qc7 19. Qe4 Kg7 20. Bf1 Rh7 21. f4 Nc4 22. b4 b5 23. Ra2 Rch8 24. Bg2 Qa7 25. Rf2 Bh3 26. Bf3 Qd7 27. Qe2 Qa7 28. Nc6 Qd7 29. Nd4 Qc8 30. Qd1 Bd7 31. g4 Kf8 32. g5 Bg7 33. Qe2 Qe8 34. Qe4 Rh4 35. Qd3 Bg4 36. Bg2 Qd7 37. Nc6 Bh3 38. Rxe7 Qg4 39. Qe2 Bxc3 40. Qxg4 Rxg4 41. Ree2 Bxg2 42. Rxg2 Rgh4 43. Rh2 Rxh2 44. Rxh2 Rxh2 45. Kxh2 Ke8 46. Kg3 Kd7 47. Kf3 Kc7 48. Ke4 1/2-1/2

[Event "ITA-chT 49th"]
[Site "Gallipoli"]
[Date "2017.04.30"]
[Round "5.5"]
[White "Chatalbashev, Boris"]
[Black "Cebalo, Miso"]
[Result "1-0"]
[WhiteElo "2546"]
[BlackElo "2320"]
[PlyCount "131"]
[EventDate "2017.04.27"]
[EventType "team-swiss"]
[EventRounds "7"]
[EventCountry "ITA"]
[SourceTitle "CBM 178 Extra"]
[Source "ChessBase"]
[SourceDate "2017.06.22"]
[SourceVersion "1"]
[SourceVersionDate "2017.06.22"]
[SourceQuality "1"]
[WhiteTeam "Conegliano"]
[BlackTeam "Il Grifone di Arzignano"]
[WhiteTeamCountry "ITA"]
[BlackTeamCountry "ITA"]

1. d4 Nf6 2. c4 g6 3. Nc3 Bg7 4. e4 d6 5. Be2 0-0 6. Bg5 c5 7. d5 h6 8. Bf4 a6 9. a4 Re8 10. Qd2 Kh7 11. Rd1 Qa5 12. h4 e5 13. Be3 Qb4 14. h5 g5 15. f3 Nbd7 16. Ra1 Nf8 17. g4 Bd7 18. a5 b6 19. axb6 Qxb6 20. Nh3 Reb8 21. Ra2 Kg8 22. Kf2 N6h7 23. Kg2 Bf6 24. Nf2 Bd8 25. Rha1 Qb7 26. Bd1 Nf6 27. Nh1 Ne8 28. Ng3 Ng7 29. Qd3 Nh7 30. Bc1 Nf6 31. Ra3 Nfe8 32. Bc2 Kf8 33. Qd1 f6 34. Nf1 Bb6 35. Ne3 Ke7 36. Ba4 Bxa4 37. Qxa4 Kd8 38. Rb3 Qd7 39. Qa2 Nc7 40. Bd2 Ba7 41. Na4 Rxb3 42. Qxb3 Rb8 43. Qc2 Kc8 44. Ba5 Na8 45. b3 Nb6 46. Nb2 Qb7 47. Nd3 Na8 48. Ra3 Bb6 49. Bd2 Nc7 50. Qa2 a5 51. Kf2 Na6 52. Bxa5 Nb4 53. Bxb4 cxb4 54. Ra6 Ne8 55. c5 dxc5 56. Nc4 Qc7 57. Nxb6+ Rxb6 58. Ra8+ Rb8 59. Qa6+ Kd8 60. Rxb8+ Qxb8 61. Nxc5 Qc8 62. Qxc8+ Kxc8 63. Nd3 Nd6 64. Nxb4 Nb5 65. Nc2 Kd7 66. Ne3 1-0

[Event "Bad Woerishofen op 33rd"]
[Site "Bad Woerishofen"]
[Date "2017.03.16"]
[Round "7"]
[White "Cebalo, Miso"]
[Black "Bergauz, Avigdor"]
[Result "1-0"]
[WhiteElo "2330"]
[BlackElo "2075"]
[PlyCount "86"]
[EventDate "2017.03.10"]
[EventType "swiss"]
[EventRounds "9"]
[EventCountry "GER"]
[SourceTitle "EXT 2018"]
[Source "ChessBase"]
[SourceDate "2017.10.13"]
[SourceVersion "1"]
[SourceVersionDate "2017.10.13"]
[SourceQuality "1"]

1. d4 c5 2. d5 e5 3. e4 d6 4. Nc3 Be7 5. Nf3 Nf6 6. h3 0-0 7. Be2 Na6 8. Be3 Nc7 9. a4 a6 10. Nd2 Bd7 11. a5 Bb5 12. Na4 Bxe2 13. Qxe2 Nb5 14. Nb6 Rb8 15. 0-0 Nd7 16. Nxd7 Qxd7 17. c3 Rbe8 18. Nc4 Bd8 19. Qg4 f5 20. exf5 Qxf5 21. Qxf5 Rxf5 22. g4 Rf7 23. Kg2 h5 24. f3 Be7 25. Nd2 g6 26. Ne4 Kg7 27. Ra4 h4 28. Bg5 Bxg5 29. Nxg5 Rf4 30. Ne6+ Rxe6 31. Rxf4 exf4 32. dxe6 Kf6 33. Re1 Ke7 34. Re4 g5 35. Kf2 Nc7 36. Ke2 Nxe6 37. Kd3 Kd7 38. Re1 Nd8 39. Ke4 Ke6 40. Rd1 Nc6 41. Rd5 Ne7 42. Rxg5 Kf6 43. Kxf4 Ng6+ 1-0